000 00577cam a2200205 4500
001 B483
008 090401t1986 xxu||||| |||| 00| 0 eng d
035 _a(Sirsi) u36157
041 _aeng
050 _a333.0023
090 _aRICS 1986/26 ABCD
110 _aRoyal Institution of Chartered Surveyors
_94900
245 _aWarning: not using a chartered surveyor can put you at risk
260 _aLondon
_bRoyal Institution of Chartered Surveyors
_c1986
300 _a28p. ; 30cm.
350 _a2
650 _aABOUT RICS-RICS MEMBERS
942 _n0
948 _c04/03/1997
999 _c90195
_d90195